Word Ladder: Zooooom! Quiz Stats

 Plays Quiz Updated Jul 25, 2016

Score 0/10 Timer 01:00
0 Plays Today
Clue 5-Letter Word % Correct
• First name of superhero The Flash •
OR Athletes Sanders or Bonds
• BARRY •
88.7%
Lug aroundCARRY
88.1%
''The Price Is Right'' host DrewCAREY
85.8%
Gives a darnCARES
83.8%
• Last name of superhero The Flash •
OR Movie director Woody
• ALLEN •
81.8%
Former filliesMARES
70.5%
Famed Jazz trumpeter DavisMILES
68.6%
Boggy placesMIRES
60.7%
''Deutschland über ___''ALLES
49.2%
Former Fox News Channel president RogerAILES
46.2%

Today's Daily Dose

Missing Word
Entertainment 'R'

Word Ladder
Autumnal Things

Quick Pick
Autumn Things

Get the Picture
Rocky or Rambo?

You're not logged in!

Compare scores with friends on all Sporcle quizzes.
OR
Log In

Show Comments

Extras

Top Quizzes Today


Score Distribution

Your Account Isn't Verified!

In order to create a playlist on Sporcle, you need to verify the email address you used during registration. Go to your Sporcle Settings to finish the process.

Report this User

Report this user for behavior that violates our Community Guidelines.

Details: